| 000 | 00836nam a2200253Ia 4500 | ||
|---|---|---|---|
| 003 | OSt | ||
| 005 | 20220927105824.0 | ||
| 006 | a|||||r|||| 00| 0 | ||
| 007 | ta | ||
| 008 | 220926b |||||||| |||| 00| 0 eng d | ||
| 024 | _a196697 | ||
| 037 | _cReference Collections | ||
| 040 |
_aRTL _cRTL _beng |
||
| 041 |
_2eng _aeng |
||
| 082 | _a"T4.281,e4,d(X:8F).P11<- P10, Q1/GD" | ||
| 110 |
_aDELHI (University of-) _9375286 |
||
| 245 | 0 | _aAnnual accounts and audit report | |
| 260 |
_a"Delhi," _b"University of Delhi, " _c2011 |
||
| 490 |
_vPC010592: 2010-2011 (44p) _aCities and Global Governance;1 |
||
| 500 | _aBibliography: 209-35; Appendix: 165-77 | ||
| 700 |
_aDELHI (University of-) _9375287 |
||
| 942 |
_h"T4.281,e4,d(X:8F).P11<- P10, Q1/GD" _cCC |
||
| 999 |
_c694856 _d694856 |
||